<?xml version="1.0" encoding="UTF-8"?>
<record
    xmlns:xsi="http://www.w3.org/2001/XMLSchema-instance"
    xsi:schemaLocation="http://www.loc.gov/MARC21/slim http://www.loc.gov/standards/marcxml/schema/MARC21slim.xsd"
    xmlns="http://www.loc.gov/MARC21/slim">

  <leader>01008na  a2200265   4500</leader>
  <controlfield tag="001">20441</controlfield>
  <controlfield tag="003">MIRAKIL</controlfield>
  <controlfield tag="005">20181213155140.0</controlfield>
  <controlfield tag="008">170120b        tu            000 0      </controlfield>
  <datafield tag="020" ind1=" " ind2=" ">
    <subfield code="a">9751928478</subfield>
  </datafield>
  <datafield tag="035" ind1=" " ind2=" ">
    <subfield code="a">20441</subfield>
  </datafield>
  <datafield tag="040" ind1=" " ind2=" ">
    <subfield code="a">Milas</subfield>
    <subfield code="b">tur</subfield>
    <subfield code="c">TR-AnCHP</subfield>
  </datafield>
  <datafield tag="041" ind1=" " ind2=" ">
    <subfield code="a">tur</subfield>
  </datafield>
  <datafield tag="082" ind1=" " ind2=" ">
    <subfield code="a">330.9561</subfield>
    <subfield code="b">G91 2001</subfield>
  </datafield>
  <datafield tag="090" ind1=" " ind2=" ">
    <subfield code="a">330.9561 G91 2001 </subfield>
  </datafield>
  <datafield tag="245" ind1=" " ind2=" ">
    <subfield code="a">G&#xFC;&#xE7;l&#xFC; ekonomiye ge&#xE7;i&#x15F; program&#x131; politika metinleri</subfield>
    <subfield code="b">(Niyet mektuplar&#x131; ve ekonomik karalara ili&#x15F;kin mevzuat)</subfield>
    <subfield code="c">T.C. Ba&#x15F;bakanl&#x131;k Hazine M&#xFC;ste&#x15F;arl&#x131;&#x11F;&#x131;</subfield>
  </datafield>
  <datafield tag="246" ind1=" " ind2=" ">
    <subfield code="a">(Niyet mektuplar&#x131; ve ekonomik karalara ili&#x15F;kin mevzuat)</subfield>
  </datafield>
  <datafield tag="260" ind1=" " ind2=" ">
    <subfield code="a">[Ankara]</subfield>
    <subfield code="b">[yayl. y.]</subfield>
    <subfield code="c">2001</subfield>
    <subfield code="f">T.C. Ba&#x15F;bakanl&#x131;k Hazine M&#xFC;ste&#x15F;arl&#x131;&#x11F;&#x131; matbaas&#x131;</subfield>
  </datafield>
  <datafield tag="300" ind1=" " ind2=" ">
    <subfield code="a">c.1 (453 s.)</subfield>
    <subfield code="b">tbl.</subfield>
    <subfield code="c">24 sm.</subfield>
  </datafield>
  <datafield tag="500" ind1=" " ind2=" ">
    <subfield code="a">K&#xFC;t&#xFC;phanemizde 1. cildi vard&#x131;r.</subfield>
  </datafield>
  <datafield tag="650" ind1=" " ind2=" ">
    <subfield code="a">T&#xFC;rkiye</subfield>
    <subfield code="x">Ekonomi politkalar&#x131;</subfield>
    <subfield code="y">Yasa ve y&#xF6;netmelikler</subfield>
  </datafield>
  <datafield tag="650" ind1=" " ind2=" ">
    <subfield code="a">T&#xFC;rkiye</subfield>
    <subfield code="x">Ekonomi politkalar&#x131;</subfield>
  </datafield>
  <datafield tag="740" ind1=" " ind2=" ">
    <subfield code="a">(Niyet mektuplar&#x131; ve ekonomik karalara ili&#x15F;kin mevzuat)</subfield>
  </datafield>
  <datafield tag="942" ind1=" " ind2=" ">
    <subfield code="2">ddc</subfield>
    <subfield code="c">BKS</subfield>
  </datafield>
  <datafield tag="952" ind1=" " ind2=" ">
    <subfield code="a">0001</subfield>
    <subfield code="b">0001</subfield>
    <subfield code="d">2017-01-20</subfield>
    <subfield code="e">2</subfield>
    <subfield code="l">0</subfield>
    <subfield code="o">330.9561 G91 2001 </subfield>
    <subfield code="p">012036</subfield>
    <subfield code="r">2017-01-20 00:00:00</subfield>
    <subfield code="v">0.00</subfield>
    <subfield code="w">2017-01-20</subfield>
    <subfield code="y">BKS</subfield>
  </datafield>
  <datafield tag="952" ind1=" " ind2=" ">
    <subfield code="a">0001</subfield>
    <subfield code="b">0001</subfield>
    <subfield code="d">2017-01-20</subfield>
    <subfield code="e">2</subfield>
    <subfield code="l">0</subfield>
    <subfield code="o">330.9561 G91 2001 </subfield>
    <subfield code="p">012037</subfield>
    <subfield code="r">2017-01-20 00:00:00</subfield>
    <subfield code="t">k.2</subfield>
    <subfield code="v">0.00</subfield>
    <subfield code="w">2017-01-20</subfield>
    <subfield code="y">BKS</subfield>
  </datafield>
  <datafield tag="999" ind1=" " ind2=" ">
    <subfield code="c">7490</subfield>
    <subfield code="d">7490</subfield>
  </datafield>
</record>
